书目信息 |
| 题名: |
物流法规概论
|
|
| 作者: | 罗闽 , 叶晓鹰 编著 | |
| 分册: | ||
| 出版信息: | 上海 立信会计出版社 2006 |
|
| 页数: | 10,459页 | |
| 开本: | 21cm | |
| 丛书名: | 二十一世纪物流实务丛书 | |
| 单 册: | ||
| 中图分类: | D922.294.1 | |
| 科图分类: | ||
| 主题词: | 物流--物资管理--法规--中国 , 物流 , 物资管理 , 法规 | |
| 电子资源: | ||
| ISBN: | 7-5429-1709-9 | |
| 000 | 00877oam2 2200289 450 | |
| 001 | 1253923750 | |
| 005 | 20121003145927.85 | |
| 010 | @a7-5429-1709-9@dCNY25.00 | |
| 100 | @a20060426d2006 em y0chiy50 ea | |
| 101 | 0 | @achi |
| 102 | @aCN@b310000 | |
| 105 | @ay z 000yy | |
| 200 | 1 | @a物流法规概论@Awu liu fa gui gai lun@f罗闽,叶晓鹰编著 |
| 210 | @a上海@c立信会计出版社@d2006 | |
| 215 | @a10,459页@d21cm | |
| 225 | 2 | @a二十一世纪物流实务丛书 |
| 330 | @a本书包括了物流法律关系和物流企业、货物销售法规、货物运输法规、仓储法规、包装法规等内容。 | |
| 461 | 0 | @12001 @a二十一世纪物流实务丛书 |
| 606 | 0 | @a物流@x物资管理@x法规@y中国 |
| 606 | 0 | @a物流 |
| 606 | 0 | @a物资管理 |
| 606 | 0 | @a法规 |
| 690 | @aD922.294.1@v4 | |
| 701 | 0 | @a罗闽@Aluo min@4编著 |
| 701 | 0 | @a叶晓鹰@Aye xiao ying@4编著 |
| 801 | 0 | @aCN@bNLC@c20101222 |
| 905 | @a10447@dD922.294.1@eJY110 | |
| 物流法规概论/罗闽,叶晓鹰编著.-上海:立信会计出版社,2006 |
| 10,459页;21cm.-(二十一世纪物流实务丛书) |
| ISBN 7-5429-1709-9:CNY25.00 |
| 本书包括了物流法律关系和物流企业、货物销售法规、货物运输法规、仓储法规、包装法规等内容。 |
| ● |
| 相关链接 |
|
|
|
|
正题名:物流法规概论
索取号:D922.294.1/JY110
 
预约/预借
| 序号 | 登录号 | 条形码 | 馆藏地/架位号 | 状态 | 备注 |
| 1 | 7813113 | 278131139 | 学院路分馆/ [索取号:D922.294.1/JY110] | 在馆 | |
| 2 | 7813114 | 278131148 | 学院路分馆/ [索取号:D922.294.1/JY110] | 在馆 |